Použitie matematických metód v doprave Cyklus prednášok. Stará Lesná 16.9.1976. Stanovenie ukazovateľov kapacity medziľahlých staníc. Analýza práce smerového koľajiska

Gespeichert in:
Bibliographische Detailangaben
Format: Buch
Sprache:Slowakisch
Veröffentlicht: Bratislava Slovenská vedecko-technická spoločnosť 1976
Ausgabe:1. vyd.
Tags: Tag hinzufügen
Keine Tags, Fügen Sie das erste Tag hinzu!

MARC

LEADER 00000nam a2200000 4500
001 c040742
005 20221128073620.4
041 0 |a slo 
044 |a SK 
245 1 0 |a Použitie matematických metód v doprave  |b Cyklus prednášok. Stará Lesná 16.9.1976. Stanovenie ukazovateľov kapacity medziľahlých staníc. Analýza práce smerového koľajiska 
250 |a 1. vyd. 
264 1 |a Bratislava  |b Slovenská vedecko-technická spoločnosť  |c 1976 
300 |a 41, 28 s.